000
00337 a2200145 4500
001
155956
040
_c
Escola São Tomás de Aquino
100
_a
ROSA, Antônio Vítor
240
1
0
_a
Agricultura e meio ambiente
_l
por
245
1
0
_a
Agricultura e meio ambiente
300
_a
95
362
0
_a
1998
697
_a
CIÊNCIAS
942
_c
BK
999
_c
155956
_d
155956